| 000 | 00670nam a2200241Ia 4500 | ||
|---|---|---|---|
| 003 | OSt | ||
| 005 | 20220925164423.0 | ||
| 006 | a|||||r|||| 00| 0 | ||
| 007 | ta | ||
| 008 | 220923b |||||||| |||| 00| 0 eng d | ||
| 037 | _cGeneral Book | ||
| 040 |
_aRTL _cRTL _beng |
||
| 041 |
_2eng _aeng |
||
| 082 | _aY:1, L2 | ||
| 100 |
_aPande Govind Chandra _924357 |
||
| 245 | 0 | _aMeaning and process of culture | |
| 260 |
_aAgra _bEducational India _c1972 |
||
| 300 |
_av,179p _ccm. |
||
| 500 | _aAppendixes: p 131-179 | ||
| 650 |
_aCulture and Civilisation _9230100 |
||
| 942 |
_hY:1, L2 _cGB _2CC |
||
| 999 |
_c475098 _d475098 |
||